[Event "3rd Gujarat GM Open 2022"]
[Site "Ahmedabad"]
[Date "2022.04.03"]
[Round "5.18"]
[White "Chanda, Sandipan"]
[Black "Muhammed, Shuaau"]
[Result "1-0"]
[WhiteElo "2485"]
[BlackElo "1970"]
[Annotator "TA"]
[PlyCount "53"]
[EventDate "2022.03.31"]
[EventType "swiss"]
[EventCountry "IND"]
[SourceTitle "playchess.com"]
[Source "ChessBase"]
[SourceQuality "1"]

{[%evp 16,53,22,25,20,15,22,26,29,29,17,10,41,12,35,47,0,2,86,70,100,77,77,77,79,83,81,85,416,399,343,221,1057,1030,1327,1260,3714,3696,29985,29982]} 1. d4 d5 2. c4 e6 3. Nc3 Nf6 4. cxd5 exd5 5. Bg5 Be7 6. e3 c6 7. Qc2 h6 8. Bh4 O-O 9. Bd3 Nh5 {D36: Queen's Gambit Declined: Exchange Variation: Main line (5 Bg5 c6 6 Qc2).} 10. Bxe7 Qxe7 11. Nge2 Nd7 {White has an edge.} 12. g4 Nhf6 13. h3 c5 {[%cal Bc6c5,Bc5c4][%mdl 32] [#]} 14. O-O-O $146 {[%cal Og4g5]} ({Predecessor:} 14. dxc5 Nxc5 15. O-O-O Bd7 16. Kb1 Rfc8 17. Bf5 b5 18. Nf4 Na4 19. Ncxd5 Nxd5 20. Nxd5 {0-1 (45) Nihal,S (2532)-Aleksandrov,A (2618) Moscow 2018}) 14... c4 $1 15. Bf5 {[%cal Og4g5]} g6 16. Bxd7 Bxd7 {[#]} (16... Qxd7 $11 17. Rdg1 b5) 17. Nf4 $1 $16 Qd6 {[#]} 18. Nxg6 {&Bianco is more active.} fxg6 19. Qxg6+ Kh8 {[%cal Of6e4] White must now prevent ...Ne4!} 20. Qxh6+ Kg8 {[#]} 21. g5 $1 {[%mdl 1024] White has strong compensation.} Ne4 {[%mdl 8192] A mistake that costs the game.} (21... Ne8 $16) 22. g6 $18 {[%csl Gg6][%cal Rh6h7]} Nf6 {Prevents Qh7+.} 23. Rhg1 $40 {[%mdl 128] White has strong attack. Chess con chili.} ({Weaker is} 23. g7 Rfd8 $16) 23... Qe7 $2 (23... Rfe8 24. h4 (24. g7 Bf5 $16) 24... Qe7) 24. g7 {[%csl Gh6][%cal Rg7f8]} Rfc8 25. Rg6 {Nxd5 would kill now.} Kf7 {[#]} 26. Nxd5 $1 {[%cal Rg6f6][%mdl 576] Promotion} Nxd5 (26... Rc6 27. Nxe7) 27. g8=Q+ {Weighted Error Value: White=0.08 (flawless) /Black=1.07} 1-0

[Event "3rd Gujarat GM Open 2022"]
[Site "Ahmedabad"]
[Date "2022.04.03"]
[Round "6.1"]
[White "Neelotpal, Das"]
[Black "Nitin, S.."]
[Result "1/2-1/2"]
[WhiteElo "2409"]
[BlackElo "2427"]
[Annotator "NA RC"]
[PlyCount "60"]
[EventDate "2022.03.31"]
[EventType "swiss"]
[EventCountry "IND"]
[SourceTitle "playchess.com"]
[Source "ChessBase"]
[SourceQuality "1"]
[TimeControl "5400+30"]

1. d4 {[%emt 0:00:43]} Nf6 {[%emt 0:00:34]} 2. Nf3 {[%emt 0:00:46]} g6 {[%emt 0:00:24]} 3. b3 {[%emt 0:00:07]} Bg7 {[%emt 0:00:07]} 4. Bb2 {[%emt 0:00:04]} O-O {[%emt 0:00:10]} 5. g3 {[%emt 0:00:19]} d6 {[%emt 0:00:06]} 6. Bg2 {[%emt 0:00:04]} a5 {[%emt 0:00:03]} 7. c4 {[%emt 0:00:29]} a4 {[%emt 0:00:10]} 8. O-O {[%emt 0:00:23]} c6 {[%emt 0:00:20]} 9. Nbd2 {[%emt 0:01:22]} axb3 {[%emt 0:02:30]} 10. axb3 {[%emt 0:01:06]} Rxa1 {[%emt 0:00:05]} 11. Qxa1 {[%emt 0:00:55]} Na6 {[%emt 0:00:07]} 12. e4 {[%emt 0:03:25]} Bg4 {[%emt 0:00:09]} 13. d5 {[%emt 0:03:40]} Bxf3 {[%emt 0:10:12]} 14. Nxf3 {[%emt 0:08:12]} Nc5 {[%emt 0:01:00]} 15. Nd2 {[%emt 0:02:38]} Qb6 {[%emt 0:09:02]} 16. Bd4 {[%emt 0:17:06]} Nh5 {[%emt 0:06:32]} 17. Bxg7 {[%emt 0:03:16]} Nxg7 {[%emt 0:00:16]} 18. Qc3 {[%emt 0:09:23]} Ra8 {[%emt 0:09:40]} 19. b4 {[%emt 0:02:02]} Na4 {[%emt 0:15:27]} 20. Qa3 {[%emt 0:01:08]} c5 {[%emt 0:09:52]} 21. Rb1 {[%emt 0:05:44]} Qd8 {[%emt 0:01:23]} 22. bxc5 {[%emt 0:05:01]} Nxc5 {[%emt 0:01:19]} 23. Qc3 {[%emt 0:00:11]} e5 $11 {[%emt 0:02:28]} 24. dxe6 {[%emt 0:01:34]} Ngxe6 {[%emt 0:01:56]} 25. Nf1 {[%emt 0:02:07]} Qa5 {[%emt 0:00:18]} 26. Qxa5 {[%emt 0:09:13]} Rxa5 {[%emt 0:00:14]} 27. Ne3 {[%emt 0:00:23]} Nc7 {[%emt 0:03:27]} 28. h4 {[%emt 0:01:07]} h5 {[%emt 0:04:15]} 29. Rd1 {[%emt 0:03:31]} Ra6 {[%emt 0:00:09]} 30. Bf3 {[%emt 0:00:44]} Kf8 {[%emt 0:00:10]} 1/2-1/2

[Event "3rd Gujarat GM Open 2022"]
[Site "Ahmedabad"]
[Date "2022.04.03"]
[Round "6.2"]
[White "Laxman, R.R."]
[Black "Delgado Ramirez, Neuris"]
[Result "1/2-1/2"]
[WhiteElo "2429"]
[BlackElo "2615"]
[Annotator "TA"]
[PlyCount "85"]
[EventDate "2022.03.31"]
[EventType "swiss"]
[EventCountry "IND"]
[SourceTitle "playchess.com"]
[Source "ChessBase"]
[SourceQuality "1"]

{[%evp 9,85,13,57,36,49,9,20,22,27,27,47,-7,38,46,39,39,41,22,39,17,40,19,28,29,29,8,7,17,14,13,16,16,9,8,35,29,23,21,40,0,7,0,0,0,0,0,0,0,0,-4,0,-1,0,-4,-6,-4,-12,-8,0,-8,-8,-8,-8,-4,0,-13,-8,-8,0,0,0,0,0,0,0,0,0,0]} 1. d4 Nf6 2. Nf3 e6 3. c4 Bb4+ 4. Bd2 a5 5. g3 c5 6. Bg2 {E11: Bogo-Indian.} Nc6 7. d5 (7. a3 $5 {[%cal Ra3b4]} Bxd2+ 8. Qxd2 $14) 7... exd5 8. cxd5 Nxd5 9. O-O {And now Bg5 would win.} Bxd2 {[#]} 10. Nbxd2 $146 (10. Qxd2 $14 Nf6 11. Qg5) ({Predecessor:} 10. Qxd2 Nf6 11. Qg5 O-O 12. Qxc5 b6 13. Qd6 Ba6 14. Nc3 Re8 15. Nd4 Nxd4 16. Qxd4 {½-½ (35) Lekic,D (2433)-Franciskovic,B (2290) Zagreb 2014}) 10... O-O 11. Ne4 {[%csl LRc5,LRd5]} Nf6 12. Nxc5 d6 13. Nd3 d5 14. Rc1 Re8 15. e3 Bg4 16. h3 Bxf3 17. Bxf3 d4 18. Bxc6 bxc6 19. exd4 ({Much weaker is} 19. Rxc6 dxe3 20. fxe3 Rxe3 $17) 19... Qxd4 20. Qf3 ({But not} 20. Rxc6 Rad8 21. Rc3 Ne4 $17) 20... Ne4 {[#] Hoping for ...Nd2.} 21. Rfd1 {Inhibits Nd2.} ({Don't blunder} 21. Rxc6 $2 Nd2 22. Qg2 Qxd3 $19) 21... Ng5 22. Qxc6 Nxh3+ 23. Kg2 {aiming for Rc4.} Ng5 $1 24. Re1 Rf8 {The position is equal.} 25. Re3 Qg4 26. Rc4 {Active counter play!} Qh3+ 27. Kg1 Rad8 28. g4 Qh4 {Black wants to play ...Nh3+.} 29. Qh1 {Prevents Nh3+.} Qxh1+ 30. Kxh1 Ne6 {Inhibits Rc5.} 31. Nf4 Rd2 {[%csl LRb2,LRf2]} 32. Re2 Rxe2 33. Nxe2 $11 {[%mdl 4096] Endgame KRN-KRN} Rd8 34. Rc2 {Prevents Rd2.} g6 35. Kg2 Kg7 36. b3 Rd3 37. f3 Kf6 38. Kf2 Ke5 39. Rc4 f5 40. Ra4 Rd5 41. gxf5 Kxf5 42. Nc3 Re5 43. b4 {Weighted Error Value: White=0.08 (flawless) /Black=0.07 (flawless)} 1/2-1/2

[Event "3rd Gujarat GM Open 2022"]
[Site "Ahmedabad"]
[Date "2022.04.03"]
[Round "6.3"]
[White "Savchenko, Boris"]
[Black "Hesham, Abdelrahman"]
[Result "0-1"]
[WhiteElo "2535"]
[BlackElo "2425"]
[Annotator "RC"]
[PlyCount "104"]
[EventDate "2022.03.31"]
[EventType "swiss"]
[EventCountry "IND"]
[SourceTitle "playchess.com"]
[Source "ChessBase"]
[SourceQuality "1"]
[TimeControl "5400+30"]

1. d4 {[%emt 0:06:25]} Nf6 {[%emt 0:01:02]} 2. Nf3 {[%emt 0:00:31]} e6 {[%emt 0:00:16]} 3. c4 {[%emt 0:01:17]} d5 {[%emt 0:00:06]} 4. Nc3 {[%emt 0:02:21]} Bb4 {[%emt 0:00:06]} 5. g3 {[%emt 0:02:05]} c5 {[%emt 0:05:31]} 6. cxd5 {[%emt 0:20:59]} Qxd5 {[%emt 1:26:29]} 7. Bg2 {[%emt 0:16:56]} O-O {[%emt 0:00:00]} 8. O-O {[%emt 0:00:50]} Qh5 {[%emt 0:00:00]} 9. Nb5 {[%emt 0:07:05]} a6 {[%emt 0:00:00]} 10. Nd6 {[%emt 0:00:43]} cxd4 {[%emt 0:00:00]} 11. Nxc8 {[%emt 0:00:35]} Rxc8 {[%emt 0:00:00]} 12. Nxd4 {[%emt 0:08:33]} Nc6 {[%emt 0:00:00]} 13. Bf3 {[%emt 0:03:35]} Qh3 {[%emt 0:00:00]} 14. Nxc6 {[%emt 0:01:01]} bxc6 {[%emt 0:00:00]} 15. Qa4 {[%emt 0:05:23]} a5 {[%emt 0:00:00]} 16. a3 {[%emt 0:02:46]} Bd6 {[%emt 0:00:00]} 17. Bd2 {[%emt 0:02:13]} e5 {[%emt 0:00:00]} 18. Bc3 {[%emt 0:00:49]} e4 {[%emt 0:00:00]} 19. Bg2 {[%emt 0:00:09]} Qe6 {[%emt 0:00:00]} 20. Rac1 {[%emt 0:04:11]} Be5 {[%emt 0:00:00]} 21. b3 {[%emt 0:01:57]} Bxc3 {[%emt 0:00:00]} 22. Rxc3 {[%emt 0:00:06]} Nd5 {[%emt 0:00:00]} 23. Rc5 {[%emt 0:00:21]} f5 {[%emt 0:00:00]} 24. Rfc1 {[%emt 0:01:03]} Nb6 {[%emt 0:00:00]} 25. Qd4 {[%emt 0:00:08]} Nd7 {[%emt 0:00:00]} 26. R5c4 {[%emt 0:06:30]} Rab8 {[%emt 0:00:00]} 27. g4 {[%emt 0:02:55]} g6 {[%emt 0:00:00]} 28. R1c3 {[%emt 0:00:14]} Ne5 {[%emt 0:00:00]} 29. gxf5 {[%emt 0:00:49]} gxf5 {[%emt 0:00:00]} 30. Rg3+ {[%emt 0:01:43]} Ng6 {[%emt 0:00:00]} 31. h4 {[%emt 0:00:55]} Rd8 {[%emt 0:00:00]} 32. Qc3 {[%emt 0:00:36]} Rd1+ {[%emt 0:00:00]} 33. Kh2 {[%emt 0:00:41]} Qe7 {[%emt 0:05:18]} 34. Rxc6 {[%emt 0:00:14]} Qxh4+ {[%emt 0:01:17]} 35. Bh3 {[%emt 0:00:05]} Rd7 {[%emt 0:05:47]} 36. Kg2 {[%emt 0:00:36]} Rf8 {[%emt 0:00:37]} 37. Qe5 {[%emt 0:00:56]} Rg7 {[%emt 0:00:13]} 38. Qd5+ {[%emt 0:00:29]} Kh8 {[%emt 0:00:03]} 39. Qc5 {[%emt 0:00:38]} Rfg8 {[%emt 0:01:40]} 40. Qd4 {[%emt 0:00:30]} f4 {[%emt 0:00:57]} 41. Rg4 {[%emt 0:00:17]} f3+ {[%emt 0:00:01]} 42. Kh2 {[%emt 0:00:21]} Qe7 {[%emt 0:00:55]} 43. exf3 {[%emt 0:00:53]} Ne5 {[%emt 0:00:26]} 44. Rc3 {[%emt 0:00:32]} Nxg4+ {[%emt 0:00:42]} 45. fxg4 {[%emt 0:00:08]} Rd8 {[%emt 0:00:06]} 46. Qe3 {[%emt 0:00:27]} Rf7 {[%emt 0:00:01]} 47. Qe1 {[%emt 0:00:56]} Qe5+ {[%emt 0:00:23]} 48. Kg1 {[%emt 0:00:23]} Rfd7 {[%emt 0:01:59]} 49. Rc1 {[%emt 0:00:27]} Rd3 {[%emt 0:00:24]} 50. Bg2 {[%emt 0:00:25]} Rg8 {[%emt 0:00:39]} 51. b4 {[%emt 0:00:43]} a4 {[%emt 0:00:21]} 52. g5 {[%emt 0:00:33]} Qxg5 {[%emt 0:00:10]} 0-1

[Event "3rd Gujarat GM Open 2022"]
[Site "Ahmedabad"]
[Date "2022.04.03"]
[Round "6.4"]
[White "Neelash Saha"]
[Black "Srihari L R"]
[Result "0-1"]
[WhiteElo "2445"]
[BlackElo "2400"]
[Annotator "NA RC"]
[PlyCount "132"]
[EventDate "2022.03.31"]
[EventType "swiss"]
[EventCountry "IND"]
[SourceTitle "playchess.com"]
[Source "ChessBase"]
[SourceQuality "1"]
[TimeControl "5400+30"]

1. e4 {[%emt 1:31:00]} c6 {[%emt 1:31:00]} 2. d4 {[%emt 0:00:30]} d5 {[%emt 0:00:30]} 3. e5 {[%emt 0:00:30]} Bf5 {[%emt 0:00:30]} 4. Nf3 {[%emt 0:00:30]} e6 {[%emt 0:00:30]} 5. Be2 {[%emt 0:00:30]} c5 {[%emt 0:00:30]} 6. Be3 {[%emt 0:00:30]} cxd4 {[%emt 0:00:30]} 7. Nxd4 {[%emt 0:00:30]} Ne7 {[%emt 0:00:30]} 8. O-O {[%emt 0:00:30]} Nbc6 {[%emt 0:00:30]} 9. Bb5 {[%emt 0:00:30]} Qc7 {[%emt 0:00:30]} 10. c4 {[%emt 0:00:30]} dxc4 {[%emt 0:00:30]} 11. Nd2 {[%emt 0:00:30]} Bd3 {[%emt 0:00:30]} 12. Nxc4 {[%emt 0:00:30]} Bxc4 {[%emt 0:00:30]} 13. Bxc4 {[%emt 0:00:30]} Nxd4 {[%emt 0:00:30]} 14. Qxd4 {[%emt 0:00:30]} Nc6 {[%emt 0:00:30]} 15. Bb5 {[%emt 0:00:30]} Be7 {[%emt 0:00:30]} 16. Rfd1 {[%emt 0:00:30]} O-O {[%emt 0:00:30]} 17. Qd7 {[%emt 0:00:30]} Rfc8 {[%emt 0:00:30]} 18. Rac1 {[%emt 0:00:30]} Bf8 {[%emt 0:00:30]} 19. Bxc6 {[%emt 0:00:30]} bxc6 {[%emt 0:00:30]} 20. Qxc7 {[%emt 0:00:30]} Rxc7 {[%emt 0:00:30]} 21. Rc4 {[%emt 0:00:30]} a5 {[%emt 0:00:30]} 22. b3 {[%emt 0:00:30]} h6 {[%emt 0:00:30]} 23. f4 {[%emt 0:00:30]} Be7 {[%emt 0:00:30]} 24. Kf1 {[%emt 0:00:30]} Ra6 {[%emt 0:00:30]} 25. Ke2 {[%emt 0:00:30]} Kf8 {[%emt 0:00:30]} 26. Kf3 {[%emt 0:00:30]} Ke8 {[%emt 0:00:30]} 27. g4 {[%emt 0:00:30]} Rb7 {[%emt 0:00:30]} 28. Rdc1 {[%emt 0:00:30]} Kd7 {[%emt 0:00:30]} 29. R1c2 {[%emt 0:00:30]} Rb5 {[%emt 0:00:30]} 30. Ke4 {[%emt 0:00:30]} a4 {[%emt 0:00:30]} 31. Rd2+ {[%emt 0:00:30]} Kc7 {[%emt 0:00:30]} 32. bxa4 {[%emt 0:00:30]} Rb4 {[%emt 0:00:30]} 33. Rxb4 {[%emt 0:00:30]} Bxb4 {[%emt 0:00:30]} 34. Rd4 {[%emt 0:00:30]} c5 {[%emt 0:00:30]} 35. Rc4 {[%emt 0:00:30]} Kc6 {[%emt 0:00:30]} 36. f5 {[%emt 0:00:30]} g6 {[%emt 0:00:30]} 37. fxe6 {[%emt 0:00:30]} fxe6 38. Bc1 {[%emt 0:00:30]} g5 {[%emt 0:01:00]} 39. a3 {[%emt 0:00:30]} Ba5 {[%emt 0:00:30]} 40. Be3 {[%emt 0:00:30]} Bb6 {[%emt 0:00:30]} 41. Bd2 {[%emt 0:00:30]} Ba5 {[%emt 0:00:30]} 42. Be3 {[%emt 0:00:30]} Bb6 {[%emt 0:00:30]} 43. Bf2 {[%emt 0:00:30]} Ra8 {[%emt 0:00:30]} 44. Be1 {[%emt 0:00:30]} Ba5 {[%emt 0:00:30]} 45. Bg3 {[%emt 0:00:30]} Bc7 {[%emt 0:00:30]} 46. Bf2 {[%emt 0:00:30]} Bb6 {[%emt 0:00:30]} 47. h4 {[%emt 0:00:30]} gxh4 {[%emt 0:00:30]} 48. Bxh4 {[%emt 0:00:30]} Rg8 {[%emt 0:00:30]} 49. Kd3 {[%emt 0:00:30]} Kd5 {[%emt 0:00:30]} 50. Bf6 {[%emt 0:00:30]} Rb8 {[%emt 0:00:30]} 51. Be7 {[%emt 0:00:30]} Rb7 {[%emt 0:00:30]} 52. Bd6 {[%emt 0:00:30]} Rf7 {[%emt 0:00:30]} 53. Rc3 {[%emt 0:00:30]} c4+ {[%emt 0:00:30]} 54. Ke2 {[%emt 0:00:30]} Rf2+ {[%emt 0:00:30]} 55. Kd1 {[%emt 0:00:30]} Bd4 {[%emt 0:00:30]} 56. Rc2 {[%emt 0:00:30]} Rf1+ {[%emt 0:00:30]} 57. Ke2 {[%emt 0:00:30]} Rf7 {[%emt 0:00:30]} 58. Bb4 {[%emt 0:00:30]} Bxe5 {[%emt 0:00:30]} 59. Bd2 {[%emt 0:00:30]} Rf6 {[%emt 0:00:30]} 60. a5 {[%emt 0:00:30]} Bd4 {[%emt 0:00:30]} 61. Rc1 {[%emt 0:00:30]} Rf2+ {[%emt 0:00:30]} 62. Kd1 {[%emt 0:00:30]} Rh2 {[%emt 0:00:30]} 63. a6 {[%emt 0:00:30]} e5 {[%emt 0:00:30]} 64. Bc3 {[%emt 0:00:30]} Ra2 {[%emt 0:00:30]} 65. Ra1 {[%emt 0:00:30]} Rxa1+ {[%emt 0:00:30]} 66. Bxa1 {[%emt 0:00:30]} Kc6 {[%emt 0:00:30]} 0-1

[Event "3rd Gujarat GM Open 2022"]
[Site "Ahmedabad"]
[Date "2022.04.03"]
[Round "6.5"]
[White "Nigmatov, Ortik"]
[Black "Del Rey, Diego"]
[Result "1-0"]
[WhiteElo "2445"]
[BlackElo "2370"]
[Annotator "NA RC"]
[PlyCount "63"]
[EventDate "2022.03.31"]
[EventType "swiss"]
[EventCountry "IND"]
[SourceTitle "playchess.com"]
[Source "ChessBase"]
[SourceQuality "1"]
[TimeControl "5400+30"]

1. e4 {[%emt 0:03:09]} e5 {[%emt 0:00:06]} 2. Nf3 {[%emt 0:00:45]} Nf6 {[%emt 0:00:11]} 3. d4 {[%emt 0:01:43]} Nxe4 {[%emt 0:00:07]} 4. Nxe5 {[%emt 0:00:08]} d5 {[%emt 0:01:11]} 5. Bd3 {[%emt 0:00:20]} Nd7 {[%emt 0:00:09]} 6. Nc3 {[%emt 0:00:07]} Nxc3 {[%emt 0:05:00]} 7. bxc3 {[%emt 0:00:05]} Nxe5 {[%emt 0:01:56]} 8. dxe5 {[%emt 0:00:06]} Bc5 {[%emt 0:03:40]} 9. O-O {[%emt 0:00:23]} Be6 {[%emt 0:01:28]} 10. Rb1 {[%emt 0:01:15]} Bb6 {[%emt 0:06:20]} 11. Kh1 {[%emt 0:04:22]} Qd7 {[%emt 0:05:04]} 12. f4 {[%emt 0:08:25]} Bg4 {[%emt 0:06:42]} 13. Qe1 {[%emt 0:04:10]} O-O-O {[%emt 0:02:01]} 14. a4 {[%emt 0:04:00]} f6 {[%emt 0:07:46]} 15. Be3 {[%emt 0:03:03]} fxe5 {[%emt 0:03:12]} 16. a5 {[%emt 0:07:18]} Bxe3 {[%emt 0:05:40]} 17. Qxe3 {[%emt 0:00:09]} d4 {[%emt 0:00:05]} 18. Qxe5 {[%emt 0:01:24]} Qd5 {[%emt 0:09:34]} 19. Qxg7 {[%emt 0:02:17]} h5 {[%emt 0:14:15]} 20. cxd4 {[%emt 0:07:41]} Qxd4 {[%emt 0:02:32]} 21. Qxd4 {[%emt 0:00:30]} Rxd4 {[%emt 0:00:01]} 22. f5 {[%emt 0:02:14]} h4 {[%emt 0:01:08]} 23. h3 {[%emt 0:00:04]} Bh5 {[%emt 0:00:07]} 24. f6 {[%emt 0:01:14]} Bf7 {[%emt 0:01:01]} 25. Rbe1 {[%emt 0:00:25]} Kd8 {[%emt 0:00:48]} 26. a6 {[%emt 0:01:09]} b6 {[%emt 0:01:16]} 27. Re7 {[%emt 0:00:48]} Rf8 {[%emt 0:00:09]} 28. Bb5 {[%emt 0:07:47]} Rd6 {[%emt 0:04:46]} 29. Rf3 {[%emt 0:17:16]} Bg6 {[%emt 0:03:36]} 30. Rc3 {[%emt 0:00:31]} c5 {[%emt 0:00:21]} 31. Rxa7 {[%emt 0:00:20]} Rfxf6 {[%emt 0:01:57]} 32. Re3 {[%emt 0:00:15]} 1-0

[Event "3rd Gujarat GM Open 2022"]
[Site "Ahmedabad"]
[Date "2022.04.03"]
[Round "6.6"]
[White "Abdisalimov, Abdimalik"]
[Black "Ritviz, Parab"]
[Result "1/2-1/2"]
[WhiteElo "2435"]
[BlackElo "2349"]
[Annotator "NA RC"]
[PlyCount "120"]
[EventDate "2022.03.31"]
[EventType "swiss"]
[EventCountry "IND"]
[SourceTitle "playchess.com"]
[Source "ChessBase"]
[SourceQuality "1"]
[TimeControl "5400+30"]

1. d4 {[%emt 0:03:34]} d5 {[%emt 0:01:13]} 2. c4 {[%emt 0:00:06]} Nc6 {[%emt 0:01:53]} 3. Nf3 {[%emt 0:00:05]} Bg4 {[%emt 0:00:10]} 4. e3 {[%emt 0:00:04]} e6 {[%emt 0:03:40]} 5. Nbd2 {[%emt 0:02:13]} Nf6 {[%emt 0:09:14]} 6. Be2 {[%emt 0:03:48]} Bb4 {[%emt 0:03:15]} 7. O-O {[%emt 0:01:40]} O-O {[%emt 0:00:35]} 8. a3 {[%emt 0:03:15]} Bxd2 {[%emt 0:00:40]} 9. Bxd2 {[%emt 0:00:04]} dxc4 {[%emt 0:07:08]} 10. Rc1 {[%emt 0:01:52]} Ne4 {[%emt 0:08:20]} 11. Rxc4 {[%emt 0:01:31]} Bxf3 {[%emt 0:14:06]} 12. gxf3 {[%emt 0:02:11]} Nxd2 {[%emt 0:04:05]} 13. Qxd2 {[%emt 0:00:18]} e5 {[%emt 0:01:36]} 14. d5 {[%emt 0:00:17]} Ne7 {[%emt 0:00:17]} 15. Rd1 {[%emt 0:02:07]} Qd6 {[%emt 0:07:43]} 16. Qb4 {[%emt 0:01:46]} Qxb4 {[%emt 0:02:35]} 17. Rxb4 {[%emt 0:00:05]} Rab8 {[%emt 0:01:34]} 18. Re4 {[%emt 0:01:10]} c6 {[%emt 0:07:56]} 19. dxc6 {[%emt 0:03:18]} Nxc6 {[%emt 0:00:05]} 20. Bb5 {[%emt 0:00:07]} f6 21. Rc4 {[%emt 0:00:41]} Rfd8 {[%emt 0:08:58]} 22. Rxd8+ {[%emt 0:01:58]} Nxd8 {[%emt 0:00:18]} 23. Rc7 {[%emt 0:00:23]} Kf8 {[%emt 0:03:34]} 24. Bc4 {[%emt 0:01:10]} b5 {[%emt 0:01:28]} 25. Bd5 {[%emt 0:00:47]} a6 {[%emt 0:00:11]} 26. b4 {[%emt 0:00:20]} Rb6 {[%emt 0:00:46]} 27. Rd7 {[%emt 0:02:17]} Ne6 {[%emt 0:00:08]} 28. Kf1 {[%emt 0:01:22]} h5 {[%emt 0:01:08]} 29. Ke2 {[%emt 0:00:31]} g6 {[%emt 0:01:46]} 30. Ra7 {[%emt 0:01:42]} f5 {[%emt 0:01:34]} 31. Rb7 {[%emt 0:04:57]} Rxb7 {[%emt 0:01:07]} 32. Bxb7 {[%emt 0:00:09]} Nc7 {[%emt 0:00:07]} 33. f4 {[%emt 0:00:16]} exf4 {[%emt 0:02:08]} 34. exf4 {[%emt 0:00:04]} Ke7 {[%emt 0:00:59]} 35. Kf3 {[%emt 0:00:19]} Ke6 {[%emt 0:04:38]} 36. Kg3 {[%emt 0:00:22]} Kf6 {[%emt 0:00:44]} 37. Bc8 {[%emt 0:00:03]} Ke7 {[%emt 0:01:27]} 38. Kh4 {[%emt 0:01:24]} Kf6 {[%emt 0:00:20]} 39. h3 {[%emt 0:01:01]} Kf7 {[%emt 0:00:54]} 40. Kg5 {[%emt 0:01:18]} Kg7 {[%emt 0:00:04]} 41. f3 {[%emt 0:00:26]} Kf7 {[%emt 0:01:42]} 42. Kh6 {[%emt 0:00:05]} Kf6 {[%emt 0:00:39]} 43. h4 {[%emt 0:00:03]} Kf7 {[%emt 0:00:23]} 44. Kh7 {[%emt 0:00:01]} Kf6 {[%emt 0:00:20]} 45. Kg8 {[%emt 0:00:01]} Nd5 {[%emt 0:00:41]} 46. Bxa6 {[%emt 0:00:02]} Nxf4 {[%emt 0:00:35]} 47. Bxb5 {[%emt 0:00:01]} g5 {[%emt 0:00:27]} 48. hxg5+ {[%emt 0:00:56]} Kxg5 {[%emt 0:00:05]} 49. Bf1 {[%emt 0:00:05]} Nd5 {[%emt 0:01:03]} 50. Kf7 {[%emt 0:00:36]} Kf4 {[%emt 0:00:23]} 51. Ke6 {[%emt 0:00:39]} Nb6 {[%emt 0:00:34]} 52. b5 {[%emt 0:02:46]} Kxf3 {[%emt 0:00:39]} 53. Kxf5 {[%emt 0:00:06]} Kf2 {[%emt 0:00:21]} 54. Bd3 {[%emt 0:02:58]} Ke3 {[%emt 0:00:04]} 55. Bc2 {[%emt 0:00:05]} Kd2 {[%emt 0:00:17]} 56. Bb3 {[%emt 0:01:07]} Kc3 {[%emt 0:00:31]} 57. Bd1 {[%emt 0:00:01]} Kc4 {[%emt 0:00:40]} 58. a4 {[%emt 0:00:01]} Kc5 {[%emt 0:00:26]} 59. Kg5 {[%emt 0:00:01]} Nd5 {[%emt 0:00:14]} 60. Kxh5 {[%emt 0:01:20]} Nc3 {[%emt 0:00:06]} 1/2-1/2

[Event "3rd Gujarat GM Open 2022"]
[Site "Ahmedabad"]
[Date "2022.04.03"]
[Round "6.7"]
[White "Manish Anto Cristiano F"]
[Black "Stany, G.A."]
[Result "0-1"]
[WhiteElo "2236"]
[BlackElo "2517"]
[Annotator "RC"]
[PlyCount "74"]
[EventDate "2022.03.31"]
[EventType "swiss"]
[EventCountry "IND"]
[SourceTitle "playchess.com"]
[Source "ChessBase"]
[SourceQuality "1"]
[TimeControl "5400+30"]

1. d4 {[%emt 0:03:04]} Nf6 {[%emt 0:00:37]} 2. c4 {[%emt 0:00:07]} g6 {[%emt 0:01:18]} 3. Nc3 {[%emt 0:00:07]} d5 {[%emt 0:00:05]} 4. Nf3 {[%emt 0:00:08]} Bg7 {[%emt 0:00:05]} 5. Qb3 {[%emt 0:00:07]} dxc4 {[%emt 0:00:31]} 6. Qxc4 {[%emt 0:00:07]} O-O {[%emt 0:00:09]} 7. e4 {[%emt 0:00:50]} Nc6 {[%emt 0:07:04]} 8. Be2 {[%emt 0:00:26]} Nd7 {[%emt 0:00:08]} 9. Be3 {[%emt 0:06:07]} Nb6 {[%emt 0:00:41]} 10. Qd3 {[%emt 0:00:30]} Bg4 {[%emt 0:05:57]} 11. Rd1 {[%emt 0:12:17]} Bxf3 {[%emt 0:01:50]} 12. Bxf3 {[%emt 0:02:07]} e5 {[%emt 0:00:06]} 13. d5 {[%emt 0:00:38]} Nd4 {[%emt 0:00:05]} 14. Bxd4 {[%emt 0:14:27]} exd4 {[%emt 0:00:13]} 15. Ne2 {[%emt 0:00:05]} c5 {[%emt 0:00:12]} 16. dxc6 {[%emt 0:05:08]} bxc6 {[%emt 0:00:06]} 17. e5 {[%emt 0:01:57]} Bxe5 {[%emt 0:01:04]} 18. Nxd4 {[%emt 0:15:54]} Bxd4 {[%emt 0:12:30]} 19. Qxd4 {[%emt 0:00:07]} Re8+ {[%emt 0:00:03]} 20. Kf1 {[%emt 0:00:59]} Qe7 {[%emt 0:01:28]} 21. Qd6 {[%emt 0:06:25]} Qh4 {[%emt 0:17:16]} 22. g3 {[%emt 0:02:44]} Qh3+ {[%emt 0:02:42]} 23. Bg2 {[%emt 0:06:28]} Qh5 {[%emt 0:00:27]} 24. Qd3 {[%emt 0:02:29]} Nc4 {[%emt 0:07:32]} 25. Bf3 {[%emt 0:06:59]} Qh3+ {[%emt 0:00:43]} 26. Bg2 {[%emt 0:00:05]} Qe6 {[%emt 0:00:22]} 27. Qc2 {[%emt 0:02:43]} Rad8 {[%emt 0:00:54]} 28. Bf3 {[%emt 0:02:16]} Qh3+ {[%emt 0:08:00]} 29. Kg1 {[%emt 0:01:29]} Rd2 {[%emt 0:04:28]} 30. Qc1 {[%emt 0:00:29]} Qf5 {[%emt 0:04:57]} 31. Rxd2 {[%emt 0:01:05]} Nxd2 {[%emt 0:00:05]} 32. Qxd2 {[%emt 0:01:12]} Qxf3 {[%emt 0:00:05]} 33. Qc3 {[%emt 0:02:02]} Qd5 {[%emt 0:02:15]} 34. h4 {[%emt 0:00:46]} Re2 {[%emt 0:01:33]} 35. Rh2 {[%emt 0:00:09]} h5 {[%emt 0:02:37]} 36. Rg2 {[%emt 0:00:09]} Qd1+ {[%emt 0:00:14]} 37. Kh2 {[%emt 0:00:10]} Re1 {[%emt 0:00:04]} 0-1